00555nam a22001697a 450000500170000001000150001702000260003203500140005803700090007208200090008110000210009024500350011125000060014626000590015227001540021130000200036520251022114246.0 aENG-146973 c399.00a9789357315623 aEN-130505 bDBAD aS21 aHamilton, Edith  aThe Roman Way/cEdith Hamilton a1 aGurugrambHachette Book Publishing India Pvt.Ltdc2025 bGurugramaHachette Book Publishing India Pvt.Ltd 4th&5th Floors, Corporate Centre Plot No.94, Sector44, Gurugram Indiae122003mwww.hachetteindia.com a216p.c20cm(pb)